000 00234nam a22000857a 4500
008 161215b xxu||||| |||| 00| 0 eng d
100 _92057
_aChhibber,s.net.al
245 _aText Book of Mathematics-IX
260 _aNew Delhi
_bArya Publication
999 _c4929
_d4929